| 000 | 00611cam a22002053a 4500 | ||
|---|---|---|---|
| 001 | 44103 | ||
| 003 | PGUSA | ||
| 005 | 20140828084014.0 | ||
| 008 | 131104s2013||||xxu|||||s|||||000 | eng d | ||
| 040 |
_aPGUSA _beng |
||
| 042 | _adc | ||
| 100 | 1 |
_aFarrar, F. W. _q(Frederic William), _d1831-1903 |
|
| 245 | 1 | 4 |
_aThe Expositor's Bible : _bThe Book of Daniel _h[electronic resource] / _cF. W. Farrar |
| 260 |
_bProject Gutenberg, _c2013 |
||
| 506 | _aPublic domain in the USA. | ||
| 516 | _aElectronic text | ||
| 830 | 0 |
_aProject Gutenberg _v44103 |
|
| 856 | 4 | 0 | _uhttp://www.gutenberg.org/ebooks/44103 |
| 942 | _cEB | ||
| 999 |
_c273354 _d273354 |
||